ბათუმის შოთა რუსთაველის სახელმწიფო უნივერსიტეტის ბიბლიოთეკა

History and Coin Finds in Georgia: (ბიბ.ჩანაწერი № 60721)

000 -LEADER
fixed length control field 00806nam a22001817a 4500
005 - DATE AND TIME OF LATEST TRANSACTION
control field 20231013100705.0
008 - FIXED-LENGTH DATA ELEMENTS--GENERAL INFORMATION
fixed length control field 231013s2003 enk||||| |||| 00| 0 eng d
020 ## - INTERNATIONAL STANDARD BOOK NUMBER
International Standard Book Number 9077297030
041 ## - LANGUAGE CODE
Language code of text/sound track or separate title eng
080 ## - UNIVERSAL DECIMAL CLASSIFICATION NUMBER
Universal Decimal Classification number 737.1(479.22)(09)+737.1(=222.1)(479.22) Ts-89
100 ## - MAIN ENTRY--PERSONAL NAME
Personal name Tsukhishvili I.
9 (RLIN) 20071
245 ## - TITLE STATEMENT
Title History and Coin Finds in Georgia:
Remainder of title Late Roman and Byzantine hoards (4th-13th c.) /
Statement of responsibility, etc. I.Tsukhishvili , G. Depeyrot.
264 ## - PRODUCTION, PUBLICATION, DISTRIBUTION, MANUFACTURE, AND COPYRIGHT NOTICE
Place of production, publication, distribution, manufacture Belgium,
Date of production, publication, distribution, manufacture, or copyright notice 2003.
300 ## - PHYSICAL DESCRIPTION
Extent 105 p. :
Other physical details ill.;
Dimensions 30 cm.
653 ## - INDEX TERM--UNCONTROLLED
keyword ისტორია და მონეტების აღმოჩენები საქართველოში - გვიან რომაული და ბიზანტიური განძი
700 ## - ADDED ENTRY--PERSONAL NAME
Personal name Depeyrot, G.
Relator term ავტორი
9 (RLIN) 20072
942 ## - ADDED ENTRY ELEMENTS (KOHA)
Source of classification or shelving scheme
Koha item type წიგნი
ეგზემპლარები
Withdrawn status Lost status Source of classification or shelving scheme Damaged status Not for loan Permanent Location Current Location Shelving location Date acquired Cost, normal purchase price Full call number Barcode Date last seen Copy number Uniform Resource Identifier Price effective from Koha item type Public note
          ბათუმის შოთა რუსთაველის სახელმწიფო უნივერსიტეტის მთავარი ბიბლიოთეკა ბათუმის შოთა რუსთაველის სახელმწიფო უნივერსიტეტის მთავარი ბიბლიოთეკა წიგნსაცავი 2023-10-13 12.00 731.1(479.22)(09)+731.1(=222.1)(479.22) Ts-89 65239 2023-10-13 65239 ბსუ-ს საპატიო დოქტორის გურამ ლორთქიფანიძის საჩუქარი 2023-10-13 წიგნი 12 ლ.